| 000 | 00506nam a2200181Ia 4500 | ||
|---|---|---|---|
| 008 | 131103s9999 xx 000 0 und d | ||
| 040 | _aLoreto College | ||
| 041 | _aEnglish | ||
| 082 |
_a372.21/GAR _bLCBED/1206 |
||
| 100 | _aGardner, D. E. M. | ||
| 245 |
_aTesting results in the infant school _cD. E. M. Gardner |
||
| 260 |
_aLondon _bMethuen _c1942 |
||
| 300 |
_aix,158p. _c 19cm. |
||
| 504 | _aIncludes bibliography | ||
| 650 | _aElementary education | ||
| 850 | _aLCBED/372.21/GAR | ||
| 942 | _cBK | ||
| 999 |
_c27138 _d77617 |
||